000 01927nam a2200325 i 4500
001 123707
003 ES-MaACL
005 20251217153537.0
007 t|
008 070214m19061915sp |||| | cat d
100 0 _aRamón Llull,
_cBeato,
_dca. 1232-1316?
_995219
245 1 0 _aObres de Ramón Llull.
260 _aPalma de Mallorca :
_bAmengual y Muntaner,
_c1906 - 1915.
300 _a10 v. ;
_c24 x 16 cm.
505 8 _aContiene: I ;
_tDoctrina pueril; Libre del orde de cavalleria: seguit d'una antiga versió francesa; Libre de clerecia; Art de confessió - II-VIII ;
_tLibre de contemplació en Déu - IX ;
_tLibre de Blanquerna - X ;
_tLibre de Sancta Maria; Hores de Sancta Maria; Libre de benedicta tu in mulieribus
530 _aDisponible en formato digital.
852 _aES-MaACL
_jF-988-997
_cDEPO2
856 4 _uhttps://archive.org/details/obresderamonlull01llul/page/n7
_z(v.1)
_y(Internet Archive)
856 4 _uhttps://archive.org/details/obresdoctrinalis02llul/page/n7
_z(v.2)
_y(Internet Archive)
856 4 _uhttps://archive.org/details/obresdoctrinalis03llul/page/n7
_z(v.3)
_y(Internet Archive)
856 4 _uhttps://archive.org/details/obresdoctrinalis04llul/page/n7
_z(v.4)
_y(Internet Archive)
856 4 _uhttps://archive.org/details/obresdoctrinalis05llul/page/n7
_z(v.5)
_y(Internet Archive)
856 4 _uhttps://archive.org/details/obresdoctrinalis06llul/page/n7
_z(v.6)
_y(Internet Archive)
856 4 _uhttps://archive.org/details/obresderamonlull07lluluoft/page/n7
_z(v.7)
_y(Internet Archive)
856 4 _uhttps://archive.org/details/obresderamonlull08lluluoft/page/n7
_z(v.8)
_y(Internet Archive)
856 4 _uhttps://archive.org/details/obresderamonlull09lluluoft/page/n7
_z(v.9)
_y(Internet Archive)
856 4 _uhttps://archive.org/details/obresderamonlull10lluluoft/page/n7
_z(v.10)
_y(Internet Archive)
942 _2udc
999 _c123707
_d123707